Final Chart in Eurovision Song Contest 2014 - Statistics

General Stats
  • This quiz has been taken 245 times
  • The average score is 20 of 26
Answer Stats
Points Country % Correct
290 Austria
100%
218 Sweden
95%
238 The Netherlands
95%
174 Armenia
87%
2 France
85%
89 Russia
83%
74 Spain
80%
143 Hungary
78%
113 Ukraine
78%
88 Norway
77%
74 Denmark
75%
39 Germany
75%
40 United Kingdom
75%
72 Finland
74%
9 Slovenia
73%
33 Italy
71%
62 Poland
71%
14 San Marino
71%
58 Iceland
70%
64 Switzerland
69%
35 Greece
67%
33 Azerbaijan
66%
32 Malta
65%
43 Belarus
63%
72 Romania
63%
37 Montenegro
62%
No matching quizzes found
Score Distribution
Percent of People with Each Score
Percentile by Number Answered
Your Score History
You have not taken this quiz